Stranger Things characters - Statistics

General Stats
  • This quiz has been taken 1,064 times
    1,061 since last reset
  • The average score is 20 of 22
Answer Stats
Hint Answer % Correct
Girl with special powers Eleven
100%
One of the 4 boys Dustin Henderson
99%
One of the 4 boys Lucas Sinclair
99%
One of the 4 boys Mike Wheeler
99%
One of the 4 boys gets missing Will Byers
99%
Sister of one of the 4 boys Nancy Wheeler
98%
Mother of the missing boy Joyce Byers
97%
Gets in the group in S2 Max Mayfield
97%
Her brother Billy Hargrove
96%
Police officer Jim Hopper
96%
Brother of one of the 4 boys Jonathan Byers
95%
Works at the mall selling ice cream Robin
94%
His nickname is the Hair Steve Harrington
94%
Little sister of one of the 4 boys Erica Sinclair
90%
Also gets missing best friend of Nancy Barbara Holland
88%
Monster of the first season Demogorgon
88%
Gets eaten by demodogs Bob Newby
86%
Papa Dr. Martin Brenner
85%
Monster of the second and third season the Mind Flayer
81%
Speeks fluent Russian and is in hiding Murray Bauman
80%
Monsters of the second seasons Demodogs
69%
Russian scientist Alexei
68%
No matching quizzes found
Score Distribution
Percent of People with Each Score
Percentile by Number Answered
Your Score History
You have not taken this quiz since the last reset